000 00733nam a2200205Ia 4500
005 20241129111302.0
008 241129s9999||||xx |||||||||||||| ||und||
037 _aTB
040 _aCRL
_bpun
_cCRL
041 _apun
_2pun
084 _aO153,3:g(X:324) Q0
_qCRL
100 _aਪ੍ਰਕਾਸ਼ ਸਿੰਘ, ਚ।
245 0 _aਪੰਜਾਬੀ ਨਾਵਲ ਆਲੋਚਨਾ L ਮਾਰਕਸੀ ਪਰਿਪੇਖ
_cਪ੍ਰਕਾF ਸਿੰਘ, ਚ।
260 _aਦਿੱਲੀ, ਭਾਰਤ
_bਮਨਪ੍ਰੀਤ ਪ੍ਰਕਾਸ਼ਨ
_c2010
300 _a320gz
365 _aINR
_b475
650 _aPunjabi LiteratureFiction
942 _cTB
_hO153,3:g(X:324) Q0
999 _c1229741
_d1229741